Los retratos de Hernán Cortés (Record no. 5280)
[ view plain ]
| 000 -CABECERA | |
|---|---|
| campo de control de longitud fija | 00742nam a2200205 a 4500 |
| 001 - NÚMERO DE CONTROL | |
| campo de control | BRCA_5586 |
| 005 - FECHA Y HORA DE LA ÚLTIMA TRANSACCIÓN | |
| campo de control | 20190320205136.0 |
| 008 - DATOS DE LONGITUD FIJA--INFORMACIÓN GENERAL | |
| campo de control de longitud fija | 210211s1944----mx-a######---#000-0#spa-# |
| 041 ## - CÓDIGO DE LENGUA | |
| Código de lengua del texto/banda sonora o título independiente | spa |
| 044 ## - CÓDIGO DEL PAÍS DE LA ENTIDAD EDITORA/PRODUCTORA | |
| Código MARC del país | mx |
| 050 #4 - SIGNATURA TOPOGRÁFICA DE LA BIBLIOTECA DEL CONGRESO | |
| Número de clasificación | N7628.C6 |
| Número de documento/Ítem | .R66 1944 |
| 100 1# - ENTRADA PRINCIPAL--NOMBRE DE PERSONA | |
| Nombre de persona | Romero de Terreros y Vinent, Manuel |
| Títulos y otros términos asociados al nombre | Marqués de San Francisco |
| Fechas asociadas al nombre | 1880-1968 |
| 9 (RLIN) | 903 |
| 245 10 - MENCIÓN DE TÍTULO | |
| Título | Los retratos de Hernán Cortés |
| Resto del título | estudio iconográfico |
| Mención de responsabilidad, etc. | Manuel Romero de Terreros. |
| 260 ## - PUBLICACIÓN, DISTRIBUCIÓN, ETC. | |
| Lugar de publicación, distribución, etc. | México |
| Nombre del editor, distribuidor, etc. | José Porrúa |
| Fecha de publicación, distribución, etc. | 1944 |
| 300 ## - DESCRIPCIÓN FÍSICA | |
| Extensión | 36 p. |
| Otras características físicas | il., 33 láminas |
| Dimensiones | 24 cm. |
| Material acompañante/anejo | recorte de periódico de una nota escrita a doble columna por Manuel Romero de Terreros del año 1944 |
| 500 ## - NOTA GENERAL | |
| Nota general | F61 |
| 600 14 - PUNTO DE ACCESO ADICIONAL DE MATERIA--NOMBRE DE PERSONA | |
| Nombre de persona | Cortés, Hernán |
| Fechas asociadas al nombre | 1485-1547 |
| Subdivisión general | Arte |
| 9 (RLIN) | 14240 |
| 902 ## - CATALOGADOR | |
| Iniciales | GFM |
| 942 ## - ELEMENTOS DE PUNTO DE ACCESO ADICIONAL (KOHA) | |
| Fuente del sistema de clasificación o colocación | Library of Congress Classification |
| Tipo de ítem Koha | Libros |
| Estado de retiro | Estado de pérdida | Estado dañado | No para préstamo | Localización permanente | Ubicación/localización actual | Fecha de adquisición | Número de inventario | Total de préstamos | Signatura topográfica completa | Código de barras | Fecha visto por última vez | Precio válido a partir de | Tipo de ítem Koha |
|---|---|---|---|---|---|---|---|---|---|---|---|---|---|
| El ejemplar forma parte de la colección y puede ser consultado según las políticas vigentes. | Biblioteca del Museo Franz Mayer (Rogerio Casas-Alatriste) | Biblioteca del Museo Franz Mayer (Rogerio Casas-Alatriste) | 14/02/2011 | F61 | N7628.C6 .R66 1944 (F61) | 6022 | 22/03/2019 | 22/03/2019 | Libros |